=LDR 00000nam 2200000 4500 =001 INLIS000000000034980 =005 20130612140853 =008 ***********************************Ind** =035 ##$$0010-061300000034980 =041 ##$$a Ind =082 ##$$a 338.6 =090 ##$$a 338.6, Sap b =100 ##$$a Sapoetra,Karta =245 ##$$a Bidang-bidang Ketatalaksanaan dalam Perushaan, Organisasi,Materil dan Keuangan, Karta Sapoetra,Adang Setiady =260 ##$$a 1985 $b Jakarta =300 ##$$a 279 hlm., ilus., 23 cm =850 ##$$a NBPNMAT